00685nam a2200241 a 4500001001300000003000900013005001700022008004100039020001000080082001700090100001500107245002300122260003600145300000900181500003500190505001800225650002300243700001500266902000800281942000700289952013000296999001700426nice12345678IN_TiNIC20260116014006.0050524s1988 newa grp 000 0 eng  ac19500a297.122bHIX aHixon, Lex aHeart of the Koran aNew DelhibGoodword Booksc1988 a267p aincludes index and biblioraphy2 aSubject Index aQuran-Appreciation1 aHixon, Lex bSRS cBK 001040708StackRoom-aHMIbHMId2007-09-07g195.00l1o297.122 HIXp019914r2018-12-05s2018-11-23v195.00w2005-05-24yBK c13409d13409